Soil management : (Record no. 771)

MARC details
000 -LEADER
fixed length control field 00539cam a22001577a 4500
020 ## - INTERNATIONAL STANDARD BOOK NUMBER
ISBN 0340807113 (pbk.)
050 00 - CALL NUMBER
Classification number S591
Item number .F95
100 1# - AUTHOR
Personal name Fullen, M. A.
245 10 - TITLE
Title Soil management :
Remainder of title problems and solutions /
Statement of responsibility, etc Michael A. Fullen and John A. Catt.
260 ## - PUBLICATION INFORMATION
Place of publication London :
Name of publisher Arnold ;
Place of publication New York :
Name of publisher Distributed in the U.S. by Oxford University Press,
Year of publication 2004.
300 ## - DESCRIPTION
Number of Pages xviii, 269 p. :
Other physical details ill., maps ;
Dimensions 25 cm.
500 ## - NOTES
General note includes bibliographic reference and index
650 #0 - SUBJECTS
Topical Term Soil management.
700 1# - OTHER AUTHORS
Personal name Catt, J. A.
942 ## - ADDED ENTRY ELEMENTS (KOHA)
Koha item type Books
Holdings
Withdrawn status Lost status Home library Current library Date acquired Full call number Accession Number Koha item type
    Methodist University Library Wenchi Faculty Methodist University Library Wenchi Faculty 13/11/2017 S591 .F95 35525 Books
Copyright © 2026  MUG Library